Cotton & allied textile industry : Annual statistical review - 1978 & early 1979

Αποθηκεύτηκε σε:
Λεπτομέρειες βιβλιογραφικής εγγραφής
Μορφή: Βιβλίο
Γλώσσα:Undetermined
Έκδοση: Tokyo Japan Spinners' Association 1979
Θέματα:
Ετικέτες: Προσθήκη ετικέτας
Δεν υπάρχουν, Καταχωρήστε ετικέτα πρώτοι!
Thư viện lưu trữ: Trung tâm Học liệu Trường Đại học Cần Thơ
LEADER 00576nam a2200205Ia 4500
001 CTU_96676
008 210402s9999 xx 000 0 und d
082 |a 338.4 
082 |b C851 
245 0 |a Cotton & allied textile industry : 
245 0 |b Annual statistical review - 1978 & early 1979 
245 0 |c Japan Spinners' Association 
260 |a Tokyo 
260 |b Japan Spinners' Association 
260 |c 1979 
650 |a Textile industry 
650 |x Periodicals 
650 |z Japan 
904 |i Giang 
980 |a Trung tâm Học liệu Trường Đại học Cần Thơ